Language Quiz

Random Language Quiz
Score 0/20 Timer 10:00
0 Plays Today
Hint Answer % Correct
なまえtên
83.3%
じゅうしょđịa chỉ
83.3%
さとうđường
83.3%
すぐngay lập tức
83.3%
またlại đến
83.3%
ちずbản đồ
66.7%
しおmuối
66.7%
よみかたcách đọc
66.7%
かたcách
66.7%
ゆっくりchậm
66.7%
Hint Answer % Correct
あとでsau
66.7%
もうすこしthêm một chút nữa thôi
66.7%
もうthêm
66.7%
いいですよđược chứ
66.7%
さあthôi
66.7%
あれô
66.7%
しんごうをみぎへまがってくださいanh chị rẽ phải ở chỗ đèn tín hiệu
66.7%
まっすぐthẳng
66.7%
おつりtiền lẻ
66.7%
これでおねがいしますgửi anh tiền này
50%
Remove Ads.
Support Sporcle.
Get the best of Sporcle when you Go Orange. This ad-free experience offers more features, more stats, and more fun while also helping to support Sporcle. Thank you for becoming a member.

You're not logged in!

Compare scores with friends on all Sporcle quizzes.
OR
Log In

Show Comments

Extras

Created Sep 25, 2019ReportNominate

Top Quizzes Today


Score Distribution

Your Account Isn't Verified!

In order to create a playlist on Sporcle, you need to verify the email address you used during registration. Go to your Sporcle Settings to finish the process.

Report this User

Report this user for behavior that violates our Community Guidelines.

Details: